<?xml version="1.0" encoding="UTF-8"?><?xml-stylesheet type="text/xsl" href="static/style.xsl"?><OAI-PMH xmlns="http://www.openarchives.org/OAI/2.0/" xmlns:xsi="http://www.w3.org/2001/XMLSchema-instance" xsi:schemaLocation="http://www.openarchives.org/OAI/2.0/ http://www.openarchives.org/OAI/2.0/OAI-PMH.xsd"><responseDate>2026-04-17T02:43:40Z</responseDate><request verb="GetRecord" identifier="oai:www.recercat.cat:10256/12914" metadataPrefix="marc">https://recercat.cat/oai/request</request><GetRecord><record><header><identifier>oai:recercat.cat:10256/12914</identifier><datestamp>2024-06-18T14:32:57Z</datestamp><setSpec>com_2072_452955</setSpec><setSpec>com_2072_2054</setSpec><setSpec>col_2072_452959</setSpec></header><metadata><record xmlns="http://www.loc.gov/MARC21/slim" xmlns:dcterms="http://purl.org/dc/terms/" xmlns:xsi="http://www.w3.org/2001/XMLSchema-instance" xmlns:doc="http://www.lyncode.com/xoai" xsi:schemaLocation="http://www.loc.gov/MARC21/slim http://www.loc.gov/standards/marcxml/schema/MARC21slim.xsd">
   <leader>00925njm 22002777a 4500</leader>
   <datafield ind2=" " ind1=" " tag="042">
      <subfield code="a">dc</subfield>
   </datafield>
   <datafield ind2=" " ind1=" " tag="720">
      <subfield code="a">Menció i Domingo, Anna</subfield>
      <subfield code="e">author</subfield>
   </datafield>
   <datafield ind2=" " ind1=" " tag="720">
      <subfield code="a">Mas-Pla, Josep</subfield>
      <subfield code="e">author</subfield>
   </datafield>
   <datafield ind2=" " ind1=" " tag="260">
      <subfield code="c">info:eu-repo/date/embargoEnd/2026-01-01</subfield>
   </datafield>
   <datafield ind2=" " ind1=" " tag="260">
      <subfield code="c">info:eu-repo/date/embargoEnd/2026-01-01</subfield>
   </datafield>
   <datafield ind2=" " ind1=" " tag="260">
      <subfield code="c">2008-05-15</subfield>
   </datafield>
   <datafield ind2=" " ind1=" " tag="520">
      <subfield code="a">Streams in Mediterranean areas are characterized by a variable discharge regime with annual floods and droughts. Natural flow perturbations result in permanent and temporary rivers and, as a consequence, unique ecosystems. Human pressures such as treated and non-treated waste water discharge impact severely on these streams, since waste water dilution depends on river flow dynamics. Furthermore, their hydrological status worsens with the capture of stream discharge by surface or groundwater exploitation. Multivariate analysis has been widely used to analyze large sets of variables in environmental studies. In the present work, a hydrological study reinforced by principal component analysis (PCA), followed by cluster analysis of the PCA results, has been used to determine surface water origin and its interactions with groundwater in Mediterranean streams. The results show that hydrological observations are supported by PCA and cluster analysis. Additionally, this joint analysis makes it possible to observe the significance of the interaction between streams and aquifers in anthropized Mediterranean Basins. Groundwater exploitation can seriously impact on permanent streams, reducing their dilution capacity, and can even cause the capture of the whole stream discharge. Furthermore, good quality water contributions allow continuous stream flows and better waste water dilutions all year long. Finally, the results show that the presence and quality of surface water in temporary reaches during dry periods directly depends on groundwater contributions</subfield>
   </datafield>
   <datafield ind2=" " ind1=" " tag="520">
      <subfield code="a">This project was funded by Grants from the Spanish government research Projects REN2002-04288-c02-01 and CICYT CGL-2005-08019-c04-02, and from the Patronat Francesc Eiximenis Grant (Diputació de Girona)</subfield>
   </datafield>
   <datafield ind1="8" ind2=" " tag="024">
      <subfield code="a">http://hdl.handle.net/10256/12914</subfield>
   </datafield>
   <datafield tag="653" ind2=" " ind1=" ">
      <subfield code="a">Anàlisi de conglomerats</subfield>
   </datafield>
   <datafield tag="653" ind2=" " ind1=" ">
      <subfield code="a">Cluster analysis</subfield>
   </datafield>
   <datafield tag="653" ind2=" " ind1=" ">
      <subfield code="a">Aigua -- Química</subfield>
   </datafield>
   <datafield tag="653" ind2=" " ind1=" ">
      <subfield code="a">Water chemistry</subfield>
   </datafield>
   <datafield tag="653" ind2=" " ind1=" ">
      <subfield code="a">Hidrologia</subfield>
   </datafield>
   <datafield tag="653" ind2=" " ind1=" ">
      <subfield code="a">Hydrology</subfield>
   </datafield>
   <datafield tag="653" ind2=" " ind1=" ">
      <subfield code="a">Recursos hidràulics -- Explotació</subfield>
   </datafield>
   <datafield tag="653" ind2=" " ind1=" ">
      <subfield code="a">Water resources development</subfield>
   </datafield>
   <datafield ind2="0" ind1="0" tag="245">
      <subfield code="a">Assessment by multivariate analysis of groundwater-surface water interactions in urbanized Mediterranean streams</subfield>
   </datafield>
</record></metadata></record></GetRecord></OAI-PMH>